Křišťálový klíč. I, Falknovská huť /
Úvodní díl historické ságy, sledující osudy sklářského rodu Heřmanů od sklonku 17. století až po revoluční rok 1848.
Uloženo v:
| Série: | Křišťálový klíč,
část 1 |
|---|---|
| Hlavní autor: | |
| Médium: | E-kniha |
| Jazyk: | Czech |
| Vydáno: |
Brno :
MOBA,
2019
|
| Vydání: | Vydání první |
| Témata: | |
| Příbuzné jednotky: | Z cyklu::
Křišťálový klíč |
| Tagy: |
Žádné tagy |
| LEADER | 02417nam a2200409 i 4500 | ||
|---|---|---|---|
| 001 | 311044 | ||
| 003 | CZ PrSKC | ||
| 005 | 20260601215658.0 | ||
| 007 | ta | ||
| 008 | 190514s2019 xr g 000 f cze | ||
| 015 | |a cnb003097727 | ||
| 020 | |a 9788024386485 |q (vázáno) | ||
| 035 | |a (OCoLC)1107832001 | ||
| 040 | |a ABG001 |b cze |e rda | ||
| 072 | 7 | |a 821.162.3-3 |x Česká próza |2 Konspekt | |
| 080 | |a 821.162.3-31 |2 MRF | ||
| 080 | |a (0:82-311.6) |2 MRF | ||
| 100 | 1 | |a Vondruška, Vlastimil, |d 1955- |7 xx0004129 |4 aut | |
| 245 | 1 | 0 | |a Křišťálový klíč. |n I, |p Falknovská huť / |c Vlastimil Vondruška |
| 246 | 3 | 0 | |a Falknovská huť |
| 250 | |a Vydání první | ||
| 264 | 1 | |a Brno : |b MOBA, |c 2019 | |
| 300 | |a 451 stran ; |c 22 cm | ||
| 336 | |a text |b txt |2 rdacontent | ||
| 337 | |a bez média |b n |2 rdamedia | ||
| 338 | |a svazek |b nc |2 rdacarrier | ||
| 520 | 2 | |a Úvodní díl historické ságy, sledující osudy sklářského rodu Heřmanů od sklonku 17. století až po revoluční rok 1848. |b Roku 1695 přichází do severních Čech ze Šumavy mladý Leopold Heřman se svým otcem Ignácem, který se stává huťmistrem v Křížové huti ve Svoru. I když starý Ignác nemá mnoho peněz, vlastní veliké bohatství - zná způsob, jak tavit průzračné křišťálové sklo. A své tajemství si úzkostlivě chrání. Dostane se do ostrého sporu s majitelem hutě a nakonec ji musí opustit. Vzápětí uzavře dohodu s majitelem nedaleké sklářské hutě ve Falknově, jemuž tajemství prozradí, ovšem za podmínky, že si syn Leopold vezme za manželku jeho dceru Marii a s ní získá vlastnický podíl ve sklárně. A jak to tak bývá, majetek začne rodinu štěpit. Nakladatelská anotace. Kráceno. | |
| 655 | 7 | |a české romány |7 fd133974 |2 czenas | |
| 655 | 7 | |a historické romány |7 fd132414 |2 czenas | |
| 655 | 9 | |a Czech fiction |2 eczenas | |
| 655 | 9 | |a historical novels |2 eczenas | |
| 787 | 0 | 8 | |i Z cyklu: |t Křišťálový klíč |g 1 |
| 900 | |a ABA001 |b 21 | ||
| 044 | |a xr | ||
| 910 | |a RBIT002 | ||
| 998 | |d 184753 |a https://core.palmknihy.cz/api/books/184753/cover?pqidc1 |b https://core.palmknihy.cz/api/books/184753/cover/400?pqidc1 |c https://core.palmknihy.cz/api/books/184753/cover/50?pqidc1 |e 2029-05-31 |g 456 |i 9788024386485 |j https://core.palmknihy.cz/api/books/184753/preview.epub |l |q 49 |r 1 |s https://www.palmknihy.cz/kniha/184753 |t ebook |y 2019 |z 0 |v Křišťálový klíč |w 1 | ||
| 999 | |d 311042 | ||